000 00590nam a2200205Ia 4500
005 20250923145052.0
008 008 250917s9999 xx 000 0 eng d
037 _aTextual
040 _aDSWL
_beng
_cDSWL
041 _aeng
_2eng
084 _aX:275.2.N6, K6
_qDSWL
100 _aDatta, Bhabato
_9831472
245 0 _aEconomics of Industrialisation
_cby Bhabato Datta
260 _aCalcutta
_bthe World Press Pvt. ltd.
_c1966
300 _a167p.
365 _aINR
_b20.00
925 _g20.00
942 _cTEXL
_hX:275.2.N6, K6
999 _c1446715
_d1446715